000 nam a22 7a 4500
999 _c233653
_d233653
005 20170309145310.0
008 170309b xxu||||| |||| 00| 0 eng d
020 _a9789698535148
040 _c.
082 _aBB-351
245 _aBangal ma Arbi & Farsi Katabat
_cProf Dr Muhammad Yousaf Siddique
260 _aNUST Islamabad
_bNUST Press
_c2013.
300 _a651 p. '
_c28 cm.
942 _2ddc
_cBK